000 00417nam a2200157 i 4500
001 25156
003 ES-MaACL
005 20230906153213.0
007 t|
008 021220s1968 sp ||||1| spa d
100 1 _aArce, Carlos de.
_922446
245 1 0 _aPor Europa en auto-stop /
_cCarlos de Arce.
260 _aBarcelona :
_bTelstar,
_c[1968]
300 _a327 p. ;
_c20 cm.
852 _aES-MaACL
_jC-50503
_bR.68216
999 _c25156
_d25156